<?xml version="1.0" encoding="UTF-8"?><?xml-stylesheet type="text/xsl" href="static/style.xsl"?><OAI-PMH xmlns="http://www.openarchives.org/OAI/2.0/" xmlns:xsi="http://www.w3.org/2001/XMLSchema-instance" xsi:schemaLocation="http://www.openarchives.org/OAI/2.0/ http://www.openarchives.org/OAI/2.0/OAI-PMH.xsd"><responseDate>2026-04-27T21:24:26Z</responseDate><request verb="GetRecord" identifier="oai:uvadoc.uva.es:10324/43338" metadataPrefix="marc">https://uvadoc.uva.es/oai/request</request><GetRecord><record><header><identifier>oai:uvadoc.uva.es:10324/43338</identifier><datestamp>2024-05-27T12:35:36Z</datestamp><setSpec>com_10324_38</setSpec><setSpec>col_10324_787</setSpec></header><metadata><record xmlns="http://www.loc.gov/MARC21/slim" xmlns:doc="http://www.lyncode.com/xoai" xmlns:xsi="http://www.w3.org/2001/XMLSchema-instance" xmlns:dcterms="http://purl.org/dc/terms/" xsi:schemaLocation="http://www.loc.gov/MARC21/slim http://www.loc.gov/standards/marcxml/schema/MARC21slim.xsd">
<leader>00925njm 22002777a 4500</leader>
<datafield tag="042" ind1=" " ind2=" ">
<subfield code="a">dc</subfield>
</datafield>
<datafield tag="720" ind1=" " ind2=" ">
<subfield code="a">Vallejo Manrique, Ascensión</subfield>
<subfield code="e">author</subfield>
</datafield>
<datafield tag="260" ind1=" " ind2=" ">
<subfield code="c">2020</subfield>
</datafield>
<datafield tag="520" ind1=" " ind2=" ">
<subfield code="a">El presente trabajo trata de poner en valor el uso del dibujo en las asignaturas de ciencias en Educación Secundaria Obligatoria y Bachillerato como herramienta didáctica para el docente y estrategia de aprendizaje para el discente.&#xd;
Para argumentar esta premisa hacemos un recorrido por diferentes investigaciones que avalan el uso del dibujo en educación y un recordatorio histórico de su importancia en la ciencia a través de la ilustración científica y algunos de sus exponentes más representativos.&#xd;
Terminamos este trabajo con una propuesta dedicada a los docentes para que incluyan el dibujo en su trabajo diario y una serie de actividades propuestas para los diferentes temas de las asignaturas de ciencias en ESO y Bachillerato.</subfield>
</datafield>
<datafield tag="520" ind1=" " ind2=" ">
<subfield code="a">The present work tries to put in value the use of drawing in science subjects in Obligatory Secondary Education and High School as a didactic tool for the teacher and a learning strategy for the student.&#xd;
To argue this premise we make a journey through different researches that support the use of drawing in education and a historical reminder of its importance in science through scientific illustration and some of its most representative exponents.&#xd;
We end this work with a proposal dedicated to teachers so that they will include drawing in their daily work and a series of activities proposed for the different themes of science subjects in ESO and High School.</subfield>
</datafield>
<datafield tag="024" ind2=" " ind1="8">
<subfield code="a">http://uvadoc.uva.es/handle/10324/43338</subfield>
</datafield>
<datafield tag="245" ind1="0" ind2="0">
<subfield code="a">El dibujo como herramienta didáctica en las asignaturas de ciencias en Educación Secundaria Obligatoria y Bachillerato</subfield>
</datafield>
</record></metadata></record></GetRecord></OAI-PMH>